000 00688nam a2200253Ia 4500
003 OSt
005 20220925220517.0
006 a|||||r|||| 00| 0
007 ta
008 220923b |||||||| |||| 00| 0 eng d
037 _cGeneral Book
040 _aRTL
_cRTL
_beng
041 _2eng
_aeng
082 _aX:991, M7
100 _aStorey D J
_9281629
245 0 _aJob generation and labour market change
260 _aLondon
_bMacmillan
_c1987
300 _axv,262p
_ccm.
500 _aBibliograhy P 245-52
650 _aLabour Market
700 _a Johnson S
_9284949
942 _hX:991, M7
_cGB
_2CC
999 _c571694
_d571694